000 01559nam a2200349 u 4500
001 000027309
003 DO-SdBPM
005 20260324102557.0
007 ta
008 100805s2010 dr ac r 001 0 spa d
020 _z9789945404265
040 _aDO-SdBPM
_bspa
_cBPMSU
_erda
_drda
082 0 4 _a759.7293
_bM971e 2010
_222
100 1 _aMuñoz, Miguel Ángel,
_d1972-
_eautor
_4aut.
245 1 0 _aEspacios imaginarios :
_b(cuatro versiones sobre artistas dominicanos) /
_cMiguel Ángel Muñoz; presentación Basilio Belliard.
264 _aSanto Domingo :
_bEdiciones de Cultura,
_c2010.
300 _a60 páginas :
_bilustraciones, retratos. ;
_c23 cm.
336 _atexto
_btxt
_2rdacontent
337 _asin mediación
_bn
_2rdamedia
338 _avolumen
_bnc
_2rdacarrier
505 0 _gPresentación --
_gIntroducción --
_tRamón Oviedo: un más allá de la creación --
_tCronología de Ramón Oviedo --
_tHilario Olivo: el espacio pautado de su obra --
_tCronología de Hilario Olivo --
_tElvis Avilés: un artista en cambio constante --
_tCronología de Elvis Avilés --
_tMayobanex Vargas: las geometrías de la imaginación --
_tCronología de Mayobanex Vargas.
590 _aInventariado, 2026VM
600 1 7 _aOviedo, Ramón,
_d1924-
600 1 7 _aOlivo, Hilario,
_d1959-
600 1 7 _aAvilés, Elvis,
_d1979-
600 1 7 _aVargas, Mayobanex,
_d1936-
650 7 _aArte dominicano
650 7 _aPintura dominicana
_ySiglo XX
650 7 _aPintores dominicanos
_xExposiciones
910 _aVMateo V. Control de calidad BPMSU
942 _2ddc
_cBK
999 _c15766
_d15766